| 000 | 01030cam a22003013a 4500 | ||
|---|---|---|---|
| 001 | 25802 | ||
| 003 | PGUSA | ||
| 005 | 20140828083544.0 | ||
| 008 | 080615s2008||||xxu|||||s|||||000 1 eng d | ||
| 040 |
_aPGUSA _beng |
||
| 042 | _adc | ||
| 050 | 4 | _aPZ | |
| 100 | 1 | _aEmerson, Alice B. | |
| 245 | 1 | 0 |
_aRuth Fielding on the St. Lawrence : _bThe Queer Old Man of the Thousand Islands _h[electronic resource] / _cAlice B. Emerson |
| 260 |
_bProject Gutenberg, _c2008 |
||
| 506 | _aPublic domain in the USA. | ||
| 516 | _aElectronic text | ||
| 653 | _aMotion picture industry -- Juvenile fiction | ||
| 653 | _aOrphans -- Juvenile fiction | ||
| 653 | _aIndians of North America -- Juvenile fiction | ||
| 653 | _aMystery and detective stories | ||
| 653 | _aFielding, Ruth (Fictitious character) -- Juvenile fiction | ||
| 653 | _aGirls -- Juvenile fiction | ||
| 653 | _aAdventure and adventurers -- Juvenile fiction | ||
| 830 | 0 |
_aProject Gutenberg _v25802 |
|
| 856 | 4 | 0 | _uhttp://www.gutenberg.org/ebooks/25802 |
| 942 | _cEB | ||
| 999 |
_c255057 _d255057 |
||